Carregant...

Sufi saints and state power : the pirs of Sind, 1843-1947 /

Dades bibliogràfiques
Autor principal: Ansari, Sarah F. D.
Format: Printed Book
Publicat: Cambridge [England] ; New York : Cambridge University Press, 1992.
Matèries:
LEADER 00604cam a2200157 a 4500
020 |a 0521405300 
082 0 0 |a 954.9  |b ANS/S 
100 1 |a Ansari, Sarah F. D. 
245 1 0 |a Sufi saints and state power :  |b the pirs of Sind, 1843-1947 / 
260 |a Cambridge [England] ;  |a New York :  |b Cambridge University Press,  |c 1992. 
300 |a xix, 178 p. : 
650 0 |a Islam and politics  |z Pakistan  |z Sindh. 
650 0 |a Sufis  |z Pakistan  |z Sindh. 
942 |c BK 
999 |c 100110  |d 100110 
952 |0 0  |1 0  |4 0  |6 954_900000000000000_ANS_S  |7 0  |9 93397  |a SSS  |b SSS  |c GEN  |d 2012-03-20  |g 295.00  |l 0  |o 954.9 ANS/S  |p SSS01987  |r 2012-03-20  |w 2012-03-20  |y BK